Communicative practices in workplaces and the professions: Cultural Perspectives on the Regulation of Discourse and Organizations
Gorde:
| Beste egile batzuk: | , |
|---|---|
| Formatua: | Liburua |
| Hizkuntza: | ingelesa |
| Argitaratua: |
Amityville, NY., USA:
Baywood Publishing Conpany,
2007.
|
| Saila: | Baywood's Technical Communications Series.
|
| Gaiak: | |
| Etiketak: |
Etiketa erantsi
Etiketarik gabe, Izan zaitez lehena erregistro honi etiketa jartzen!
|
MARC
| LEADER | 00000nam a22000007a 4500 | ||
|---|---|---|---|
| 003 | CL-VaPUC | ||
| 005 | 20220505124657.0 | ||
| 008 | 220331b2007 ||||| |||| 00| 0 eng d | ||
| 999 | |c 435232 |d 435230 | ||
| 020 | |a 978-0-89503-372 | ||
| 040 | |c Pontificia Universidad Católica de Valparaíso | ||
| 082 | 7 | |a 302.35 ZAC 2007 |2 22 | |
| 100 | 1 | |a Zachry, Mark |e editor |9 867861 | |
| 245 | |a Communicative practices in workplaces and the professions: Cultural Perspectives on the Regulation of Discourse and Organizations | ||
| 260 | |a Amityville, NY., USA: |b Baywood Publishing Conpany, |c 2007. | ||
| 300 | |a 280 páginas. | ||
| 440 | |a Baywood's Technical Communications Series. |9 867862 | ||
| 500 | |a C.1 Donación Familia profesor Giovanni Parodi S. Memo 01/2022. 25-03-2022 | ||
| 583 | |c 20220331 |k Catalogador Asistente | ||
| 650 | 0 | |a Comunicación de negocios |9 868671 |x Análisis del discurso | |
| 700 | |a Thralls, Charlotte |e editor |9 867863 | ||
| 942 | |2 ddc |c BK | ||
| 952 | |0 0 |1 0 |2 ddc |4 0 |6 302_350000000000000_ZAC_2007 |7 0 |8 C_GPS |9 582344 |a FDOPOS |b FDOPOS |c GEN |d 2022-03-31 |e Donación |i 5650613 |o 302.35 ZAC 2007 |p 5650613 |r 2025-01-22 |t 1 |w 2022-03-31 |y BK |k MLA | ||